000 00634nam a2200205Ia 4500
008 240729s9999 xx 000 0 und d
022 _a2058-7384
245 0 _aInternational Journal of Immunopathology and Pharmacology
260 _aUnited Kingdom
260 _bSAGE Publishing
650 _a Immunologic diseases. Allergy
650 _a Internal medicine
650 _a Pathology | Medicine
650 _a Specialties of internal medicine
650 _a Therapeutics. Pharmacology | Medicine
650 _aMedicine
856 _uhttps://doaj.org/toc/6ff383434dc840b5a33cad6743fb2f64
942 _2ddc
942 _cDOAJEJ
999 _c67723
_d67723
945 _a1
_bMadushi Gamage
_c1
_dMadushi Gamage